| 000 | 01424nam a22003734a 4500 | ||
|---|---|---|---|
| 001 | ebr10231568 | ||
| 003 | CaPaEBR | ||
| 006 | m u | ||
| 007 | cr cn||||||||| | ||
| 008 | 071126s2008 dcua sb i000 0 eng | ||
| 010 | _z 2007047529 | ||
| 020 | _z9780821374429 (alk. paper) | ||
| 020 | _z9780821374436 | ||
| 040 |
_aCaPaEBR _cCaPaEBR |
||
| 035 | _a(OCoLC)423271242 | ||
| 043 | _af------ | ||
| 050 | 1 | 4 |
_aHD5837.A6 _bF69 2008eb |
| 082 | 0 | 4 |
_a331.12096 _222 |
| 100 | 1 | _aFox, M. Louise. | |
| 245 | 1 | 0 |
_aWorking out of poverty _h[electronic resource] : _bjob creation and the quality of growth in Africa / _cLouise Fox, Melissa Sekkel Gaal. |
| 260 |
_aWashington, D.C. : _bWorld Bank, _cc2008. |
||
| 300 |
_axi, 81 p. : _bill. |
||
| 490 | 0 | _aDirections in development | |
| 504 | _aIncludes bibliographical references (p. 69-76). | ||
| 533 |
_aElectronic reproduction. _bPalo Alto, Calif. : _cebrary, _d2013. _nAvailable via World Wide Web. _nAccess may be limited to ebrary affiliated libraries. |
||
| 650 | 0 |
_aJob creation _zAfrica. |
|
| 650 | 0 |
_aLabor supply _zAfrica. |
|
| 650 | 0 |
_aLabor market _zAfrica. |
|
| 651 | 0 |
_aAfrica _xEconomic conditions. |
|
| 655 | 7 |
_aElectronic books. _2local |
|
| 700 | 1 |
_aGaal, Melissa Sekkel, _d1979- |
|
| 710 | 2 | _aebrary, Inc. | |
| 856 | 4 | 0 |
_uhttp://site.ebrary.com/lib/rucke/Doc?id=10231568 _zAn electronic book accessible through the World Wide Web; click to view |
| 999 |
_c25580 _d25580 |
||